Carolina Hurricanes Roster 25-26 - Statistics

General Stats
  • This quiz has been taken 9 times
  • The average score is 19 of 30
Answer Stats
# Player % Correct
48 Jordan Martinook
100%
20 Sebastian Aho
100%
37 Andrei Svechnikov
83%
32 Brandon Bussi
83%
31 Frederik Andersen
83%
53 Jackson Blake
83%
82 Jesperi Kotkaniemi
83%
22 Logan Stankoven
83%
27 Nikolaj Ehlers
83%
24 Seth Jarvis
83%
62 Charles Alexis Legault
67%
50 Eric Robinson
67%
74 Jaccob Slavin
67%
11 Jordan Staal
67%
77 Mark Jankowski
67%
6 Mike Reilly
67%
26 Sean Walker
67%
4 Shayne Gostisbehere
67%
71 Taylor Hall
67%
21 Alexander Nikishin
50%
5 Jalen Chatfield
50%
19 K'Andre Miller
50%
44 Nicolas Deslauriers
50%
52 Pyotr Kochetkov
50%
28 William Carrier
50%
29 Bradley Nadeau
33%
36 Felix Unger Sorum
33%
64 Joel Nystrom
33%
76 Skyler Brind'Amour
33%
91 Ronan Seeley
17%
No matching quizzes found
Score Distribution
Percent of People with Each Score
Percentile by Number Answered
Your Score History
You have not taken this quiz